The east africa court of appeal reports (Record no. 794)

000 -LEADER
fixed length control field 00597nam a22001817a 4500
003 - CONTROL NUMBER IDENTIFIER
control field OSt
005 - DATE AND TIME OF LATEST TRANSACTION
control field 20140116120838.0
008 - FIXED-LENGTH DATA ELEMENTS--GENERAL INFORMATION
fixed length control field 111108t xxu||||| |||| 00| 0 eng d
022 ## - INTERNATIONAL STANDARD SERIAL NUMBER
International Standard Serial Number 2077-9763
040 ## - CATALOGING SOURCE
Language of cataloging English
050 ## - LIBRARY OF CONGRESS CALL NUMBER
Classification number REF KQC 20.E27 2010
110 ## - MAIN ENTRY--CORPORATE NAME
Corporate name or jurisdiction name as entry element The east africa court of appeal.
245 ## - TITLE STATEMENT
Title The east africa court of appeal reports
Statement of responsibility, etc The east africa court of appeal
260 ## - PUBLICATION, DISTRIBUTION, ETC. (IMPRINT)
Place of publication, distribution, etc Nairobi, Kenya
Name of publisher, distributor, etc Law Africa
Date of publication, distribution, etc 2010
300 ## - PHYSICAL DESCRIPTION
Extent xxv, 431p
500 ## - GENERAL NOTE
General note Decisions of the court of appeal for Eastern Africa and the privy council on appeal from that court
942 ## - ADDED ENTRY ELEMENTS (KOHA)
Source of classification or shelving scheme
Koha item type Periodical

No items available.


Riara University Library,
P.O. Box 49940-00100,
Nairobi, Kenya.